000 00816nam a22002777a 4500
001 BR8807154
003 BR-BrBNA
005 20230928093103.0
007 ta
008 230509b bl.||||| |||| 00| 0 por d
040 _aBR-BrBNA
_bpor
_cBiblioteca Nacional de Agricultura
041 _a(Por)
072 _aD50; E20; E13
_b/G514
090 _ D50 BR8807154
110 1 _aMinisterio da Agricultura, Brasilia, DF (Brasil)
_96753
245 1 _aFundo Federal Agropecuario; Coletânea da legislacao, atualizacao e consolidada ate 31 de dezembro de 1975
260 3 _aBrasilia, DF (Brasil):
_c1975.
300 _a75 p.
650 _aADMINISTRACAO PUBLICA
650 _aCONTABILIDADE
650 _aFINANCIAMENTO
650 _aLEI
650 _aDECRETO
909 _a202309
_bLucia
_c55
_dLucia Elande
942 _cBK
999 _c42917
_d42917